000 00284nam a22000977a 4500
008 170410b xxu||||| |||| 00| 0 eng d
100 _aKalotay, Paul
245 _aBrauschweig (Brunswick) classic Issues
260 _aSalzburg, Austria
_bauthor?
_c1947
650 _aGermany - States and Cities
999 _c2358
_d2358